You're Late for Church (Record no. 645)

MARC details
000 -LEADER
fixed length control field 00347nam a22001457a 4500
003 - CONTROL NUMBER IDENTIFIER
control field OSt
005 - DATE AND TIME OF LATEST TRANSACTION
control field 20160727222405.0
008 - FIXED-LENGTH DATA ELEMENTS--GENERAL INFORMATION
fixed length control field 160623b xxu||||| |||| 00| 0 eng d
040 ## - CATALOGING SOURCE
Transcribing agency Test
100 ## - MAIN ENTRY--PERSONAL NAME
9 (RLIN) 807
Personal name Lovik, C.J
245 ## - TITLE STATEMENT
Title You're Late for Church
260 ## - PUBLICATION, DISTRIBUTION, ETC. (IMPRINT)
Place of publication, distribution, etc. Missouri
Name of publisher, distributor, etc. Concordia
Date of publication, distribution, etc. 1986
300 ## - PHYSICAL DESCRIPTION
Extent You're Late for Church
942 ## - ADDED ENTRY ELEMENTS (KOHA)
Source of classification or shelving scheme Dewey Decimal Classification
Koha item type BOOK
Holdings
Withdrawn status Lost status Source of classification or shelving scheme Damaged status Not for loan Home library Current library Shelving location Date acquired Total Checkouts Full call number Barcode Date last seen Price effective from Koha item type
    Dewey Decimal Classification     Good Samaritan School Library Good Samaritan School Library   06/23/2016   823 LOV1507 06/23/2016 06/23/2016 BOOK

Powered by Koha